000 00840nam a2200301Ia 4500
003 OSt
005 20221006144438.0
006 a|||||r|||| 00| 0
007 ta
008 221006b |||||||| |||| 00| 0 eng d
020 _a0300028210
_c
_29.40
020 _a9780300028218
024 _a11,698
037 _cTextual
040 _aEASL
_cEASL
_beng
041 _2eng
_aeng
082 _aV1:19(zR).N8, M2
100 _aDUNN Lewis A.
_9652034
245 0 _aControlling the bomb
_b Nuclear Proliferation in the 1980s
260 _aLondon
_bYale University
_c1982
300 _axii,209p.
_ccm.
490 _v Gen
650 _a Atomic - Weapons
_9652035
650 _a Gen
650 _aNuclear - Nonproliferation
_9652036
942 _hV1:19(zR).N8, M2
_cTEXL
_2CC
999 _c1079784
_d1079784